00306nam a2200121Ia 4500008004100000020001500041041001200056100001500068245005300083260002500136300000800161650001500169221030s9999 xx 000 0 und d a9351425526 aEnglish aS. R. Nair 0aConsumer Behaviour : Text & Casescby S. R. Nair bHPHaNew Delhic2014 a319 aManagement